[Event "hi"]
[Site "http://www.queenalice.com/game.php?id=200998"]
[Date "2007.4.22"]
[Round "-"]
[White "danielguerrab"]
[Black "Shaz032"]
[Result "1-0"]
[WhiteElo "1253"]
[BlackElo "1067"]

1. e4 d6 2. f4 h5 3. a4 Nf6 4. e5 Bg4 5. Be2 Ne4 6. d3 Nc5 7. b4 Ne6 8. Nc3 Rh6
9. h3 Bf5 10. g4 g5 11. fxg5 Rg6 12. gxf5 Rxg5 13. fxe6 fxe6 14. Bxg5 dxe5 15.
Bxh5+ Kd7 16. d4 exd4 17. Qxd4+ Kc8 18. Rd1 Nc6 19. Qd3 Nxb4 20. Qxd8# 1-0

[Event "comonn"]
[Site "http://www.queenalice.com/game.php?id=201000"]
[Date "2007.4.22"]
[Round "-"]
[White "danielguerrab"]
[Black "AndreBerton"]
[Result "0-1"]
[WhiteElo "1263"]
[BlackElo "1316"]

1. d4 d5 2. Nc3 c6 3. e4 e5 4. dxe5 d4 5. Na4 b5 6. Nc5 Bxc5 7. Nf3 g5 8. c3 d3
9. Bxd3 f6 10. b4 Bb6 11. a4 bxa4 12. Rxa4 Nh6 13. exf6 Qxf6 14. e5 Qg6 15.
Bxg6+ hxg6 16. h4 Ng4 17. O-O Rf8 18. Qc2 Bf5 19. Qd2 Nd7 20. Qxg5 Ndf6 21. exf6
Rd8 22. Re1+ Kf7 23. Re7+ Kg8 24. Rg7+ Kh8 25. b5 Rd1+ 26. Ne1 Rxe1# 0-1

[Event "Challenge"]
[Site "http://www.queenalice.com/game.php?id=205544"]
[Date "2007.5.3"]
[Round "-"]
[White "danielguerrab"]
[Black "dghost"]
[Result "1-0"]
[WhiteElo "1263"]
[BlackElo "1410"]

1. e4 e5 2. Nf3 Nc6 3. d3 Bc5 4. c3 d6 5. d4 exd4 6. cxd4 Bb4+ 7. Bd2 Bxd2+ 8.
Qxd2 Bg4 9. d5 Bxf3 10. gxf3 Nf6 11. dxc6 bxc6 12. Nc3 O-O 13. Rg1 Re8 14. Qg5
h6 15. Qxg7# 1-0

[Event "Challenge"]
[Site "http://www.queenalice.com/game.php?id=205550"]
[Date "2007.5.3"]
[Round "-"]
[White "RJohnson"]
[Black "danielguerrab"]
[Result "1-0"]
[WhiteElo "1327"]
[BlackElo "1274"]

1. d4 f6 2. e3 e5 3. Nf3 Nc6 4. Nc3 b5 5. Bxb5 a6 6. Bxc6 dxc6 7. O-O h5 8. e4
g5 9. h3 g4 10. Nh4 exd4 11. Ng6 Rh7 12. Nxf8 Kxf8 13. a3 gxh3 14. gxh3 Bxh3 15.
Re1 dxc3 16. Qxd8+ Rxd8 17. bxc3 Re8 18. Re3 Rd8 19. Rxh3 Rd1+ 20. Kh2 1-0

[Event "Challenge"]
[Site "http://www.queenalice.com/game.php?id=205551"]
[Date "2007.5.3"]
[Round "-"]
[White "ChessMasterSam"]
[Black "danielguerrab"]
[Result "0-1"]
[WhiteElo "1154"]
[BlackElo "1283"]

1. g3 d5 2. d4 Nc6 3. e3 e5 4. c3 f6 5. Qa4 a6 6. Nd2 b5 7. Qb3 h5 8. h4 f5 9.
f4 e4 10. a4 Rb8 0-1

[Event "Challenge"]
[Site "http://www.queenalice.com/game.php?id=205553"]
[Date "2007.5.3"]
[Round "-"]
[White "Alx"]
[Black "danielguerrab"]
[Result "1-0"]
[WhiteElo "1574"]
[BlackElo "1293"]

1. e4 e5 2. a3 Nf6 3. Nc3 b6 4. d3 d6 5. h3 a5 6. g4 h6 7. Be2 c5 8. Nb1 g6 9.
c3 b5 10. Qb3 Bd7 11. Nf3 a4 12. Qa2 Be6 13. c4 h5 14. b3 hxg4 15. Ng5 Rh5 16.
Nxe6 fxe6 17. cxb5 Rxh3 18. Rg1 d5 19. bxa4 Rxa4 20. Qb3 Qd6 21. Qxa4 g5 22.
Bxg5 Nh5 23. Bxg4 Rh2 24. b6+ Qc6 25. Qxc6+ 1-0

[Event "Challenge"]
[Site "http://www.queenalice.com/game.php?id=205557"]
[Date "2007.5.3"]
[Round "-"]
[White "ChessMasterSam"]
[Black "danielguerrab"]
[Result "0-1"]
[WhiteElo "1120"]
[BlackElo "1294"]

1. b3 e5 2. Bb2 f6 3. d4 c6 4. dxe5 fxe5 5. Bxe5 Qe7 6. f4 d6 7. Bc3 h5 8. Nf3
a5 9. h4 b5 10. Qd3 b4 0-1

[Event "Challenge"]
[Site "http://www.queenalice.com/game.php?id=210799"]
[Date "2007.5.14"]
[Round "-"]
[White "danielguerrab"]
[Black "manguana"]
[Result "0-1"]
[WhiteElo "1284"]
[BlackElo "1438"]

1. e4 e5 2. Nf3 f6 3. Nxe5 fxe5 4. Qh5+ g6 5. Qxe5+ Ne7 6. Qxh8 d6 7. h4 Bg4 8.
f3 Be6 9. d3 g5 10. hxg5 Ng6 11. Nc3 Nxh8 12. Rh6 Bxh6 13. gxh6 Qh4+ 14. Kd1 Qh1
15. Ke1 Nc6 16. Nb5 O-O-O 17. Be3 a6 18. Na7+ Kb8 19. Nxc6+ bxc6 0-1

[Event "Challenge"]
[Site "http://www.queenalice.com/game.php?id=212420"]
[Date "2007.5.17"]
[Round "-"]
[White "danielguerrab"]
[Black "rodrigofortes"]
[Result "0-1"]
[WhiteElo "1274"]
[BlackElo "1475"]

1. e4 e5 2. Nf3 f6 3. Nxe5 fxe5 4. Qh5+ g6 5. Qxe5+ Qe7 6. Qxh8 Nf6 7. Nc3 d6 8.
d4 Be6 9. d5 Bg8 10. h4 Bg7 11. Qxg7 Qxg7 12. g4 Nxg4 13. f3 Ne5 14. Bb5+ Nbd7
15. Bxd7+ Nxd7 16. Bg5 Ne5 0-1

[Event "Challenge"]
[Site "http://www.queenalice.com/game.php?id=212422"]
[Date "2007.5.17"]
[Round "-"]
[White "danielguerrab"]
[Black "rictad"]
[Result "0-1"]
[WhiteElo "1303"]
[BlackElo "1457"]

1. e4 d6 2. d4 Nf6 3. e5 dxe5 4. dxe5 Qxd1+ 5. Kxd1 Ne4 6. Nc3 Nxf2+ 7. Ke1 Nxh1
8. Nd5 Na6 9. Bxa6 Rb8 10. Nxc7+ Kd8 11. Nb5 bxa6 12. Nxa7 Bb7 13. a4 Ra8 14.
Be3 e6 15. Bb6+ Ke8 16. Ra3 Bxa3 17. bxa3 Bxg2 18. c4 Ke7 19. c5 f6 20. exf6+
gxf6 21. c6 Rhg8 0-1

[Event "Challenge"]
[Site "http://www.queenalice.com/game.php?id=212424"]
[Date "2007.5.17"]
[Round "-"]
[White "danielguerrab"]
[Black "chicalleje"]
[Result "0-1"]
[WhiteElo "1246"]
[BlackElo "1590"]

1. e4 d5 2. f3 dxe4 3. fxe4 Nc6 4. Bb5 e5 5. Nf3 Bd6 6. d4 Bd7 7. d5 Nce7 8. Nc3
Bxb5 9. Nxb5 Bc5 10. Nxe5 Nf6 11. Qh5 Nxh5 0-1

[Event "Challenge"]
[Site "http://www.queenalice.com/game.php?id=212426"]
[Date "2007.5.17"]
[Round "-"]
[White "danielguerrab"]
[Black "HHV"]
[Result "0-1"]
[WhiteElo "1266"]
[BlackElo "1177"]

1. e4 e5 2. Nf3 Nf6 3. Nxe5 Nxe4 4. d3 Qf6 5. Nf3 Nxf2 6. Kxf2 Bc5+ 7. Ke1 g5 8.
Bxg5 Qe6+ 9. Be2 f6 10. Bf4 Qf5 11. g3 Qh3 12. d4 Bd6 13. a4 Qg2 14. Bf1 Qxh1
0-1

[Event "AUTO-BEG-102"]
[Site "http://www.queenalice.com/game.php?id=214021"]
[Date "2007.5.21"]
[Round "1"]
[White "evasion"]
[Black "danielguerrab"]
[Result "1-0"]
[WhiteElo "1688"]
[BlackElo "1288"]

1. d4 e6 2. e4 d5 3. Nc3 Bb4 4. exd5 exd5 5. Qe2+ Ne7 6. Qb5+ c6 7. Qxb4 Na6 8.
Bxa6 bxa6 9. Nf3 a5 10. Qc5 h5 11. Bd2 Rh6 12. Bxh6 gxh6 13. O-O Rb8 14. b3 Nf5
15. Qxa7 Be6 16. Ne5 Nxd4 17. Qxd4 Qb6 18. Qxb6 Rxb6 19. Rfe1 f6 20. Na4 1-0

[Event "AUTO-BEG-102"]
[Site "http://www.queenalice.com/game.php?id=214022"]
[Date "2007.5.21"]
[Round "1"]
[White "danielguerrab"]
[Black "evasion"]
[Result "0-1"]
[WhiteElo "1286"]
[BlackElo "1690"]

1. e4 e5 2. Nf3 Nc6 3. Bb5 a6 4. Bxc6 dxc6 5. Nxe5 Qe7 6. d4 f6 7. Nc4 Qxe4+ 8.
Ne3 Be6 9. f3 Qg6 10. Nc3 O-O-O 11. Qd3 Qxd3 12. cxd3 Rxd4 13. Ng4 Bxg4 14. fxg4
Rxg4 15. Be3 Rxg2 16. Kf1 Rxb2 17. Nd1 Rb5 18. Ba7 Bc5 0-1